Los textos académicos en el nivel universitario

محفوظ في:
التفاصيل البيبلوغرافية
المؤلفون الرئيسيون: Adelstein, Andreína (مؤلف), Kuguel, Inés (مؤلف)
التنسيق: كتاب
اللغة:الإسبانية
منشور في: Buenos Aires Universidad Nacional de General Sarmiento 2004
الطبعة:1a. ed
سلاسل:Libros de la Universidad. Colección Textos Básicos
الموضوعات:
الوسوم: إضافة وسم
لا توجد وسوم, كن أول من يضع وسما على هذه التسجيلة!

MARC

LEADER 00000nam a2200000 a 4500
001 UCK9279
003 CL-VaPUC
008 060428e20040000AG |||||||||||||||||spa|d
020 |a 9879300645 
082 0 4 |a 808.066  |b ADE  |2 21 
100 0 |a Adelstein, Andreína  |e author  |9 498993 
700 0 |a Kuguel, Inés  |e author  |9 498994 
245 1 4 |a Los textos académicos en el nivel universitario 
250 |a 1a. ed 
300 |a 171 p 
942 |c BK 
945 |d 20060428 00:00:00  |a cmena 
260 |a Buenos Aires  |b Universidad Nacional de General Sarmiento  |c 2004 
650 0 |a Retórica   |9 266620 
650 0 |a Educación superior   |9 223851 
650 0 |a Libros de texto  |9 270019 
650 0 |x Redacción  |9 255241 
650 0 |a Análisis del discurso  |9 256696 
650 0 |a Universidades  |9 256317 
583 |a last modification  |c 20060428 00:00:00  |k Rodrigo Vera 
490 0 |a Libros de la Universidad. Colección Textos Básicos 
999 |c 316507  |d 316505 
952 |0 0  |1 0  |4 0  |6 808_066000000000000_ADE_2004  |7 0  |8 A  |9 390922  |a FDOPOS  |b FDOPOS  |d 2019-11-22  |i 4223705  |o 808.066 ADE 2004  |p 4223705  |r 2025-01-22  |w 2019-11-22  |y BK  |k MLA 
952 |0 0  |1 0  |4 0  |6 808_066000000000000_ADE_2004  |7 0  |8 A  |9 390923  |a FDOPOS  |b FDOPOS  |d 2019-11-22  |i 4717228  |o 808.066 ADE 2004  |p 4717228  |r 2025-01-22  |w 2019-11-22  |y BK  |k DLA